Basic Business Statistics (Record no. 4096)

MARC details
005 - DATE AND TIME OF LATEST TRANSACTION
control field 20250616090546.0
020 ## - INTERNATIONAL STANDARD BOOK NUMBER
International Standard Book Number 978-0-13-216844-1
082 ## - DEWEY DECIMAL CLASSIFICATION NUMBER
Classification number 519.5 BER
100 ## - MAIN ENTRY--PERSONAL NAME
Author name BERENSON, M.
245 ## - TITLE STATEMENT
Title Basic Business Statistics
250 ## - EDITION STATEMENT
Edition statement 12th Ed.
260 ## - PUBLICATION, DISTRIBUTION, ETC.
Place of publication, distribution, etc. Canada,
Name of publisher, distributor, etc. Pearson,
Date of publication, distribution, etc. 2012.
300 ## - PHYSICAL DESCRIPTION
Extent xxiii, 819p.; ill.; figure, picture
Other physical details Index
Dimensions 27cm
700 ## - ADDED ENTRY--PERSONAL NAME
Other authors/Editors LEVINE, D. M. & KREHBIEL, T. C.
942 ## - ADDED ENTRY ELEMENTS (KOHA)
Source of classification or shelving scheme Dewey Decimal Classification
Koha item type Books
Holdings
Date last seen Total checkouts Full call number Barcode Cost, replacement price Price effective from Koha item type Lost status Source of classification or shelving scheme Damaged status Not for loan Withdrawn status Home library Current library Shelving location Date acquired Cost, normal purchase price
06/16/2025   519.5 BER DOM000878 360000.00 06/16/2025 Books   Dewey Decimal Classification       CBE Dodoma CBE Dodoma General Collection 03/24/2014 120000.00